[Event "Navarra-chT"]
[Site "Navarra"]
[Date "2016.10.29"]
[Round "4.4"]
[White "Iraneta Unzue, Iker"]
[Black "Vilchez Gonzalez, Angel"]
[Result "0-1"]
[WhiteElo "2047"]
[BlackElo "1921"]
[PlyCount "42"]
[EventDate "2016.10.08"]
[EventType "team-tourn"]
[EventRounds "7"]
[EventCountry "ESP"]
[SourceTitle "CBM 175 Extra"]
[Source "ChessBase"]
[SourceDate "2016.12.12"]
[SourceVersion "1"]
[SourceVersionDate "2016.12.12"]
[SourceQuality "1"]
[WhiteTeam "San Juan"]
[BlackTeam "Mikel Gurea"]
[WhiteTeamCountry "ESP"]
[BlackTeamCountry "ESP"]

1. e4 e6 2. d4 d5 3. e5 c5 4. c3 Nc6 5. Nf3 Bd7 6. Be2 f6 7. exf6 Nxf6 8. Bf4 Qb6 9. Qb3 Qxb3 10. axb3 cxd4 11. cxd4 Bb4+ 12. Bd2 Ne4 13. Bxb4 Nxb4 14. Na3 Ke7 15. h4 Rhf8 16. h5 Rac8 17. h6 g5 18. Ne5 Rxf2 19. Bf3 Nc2+ 20. Nxc2 Rcxc2 21. Rh5 Bb5 0-1

[Event "Euskadi-chT"]
[Site "Bergara"]
[Date "2010.03.13"]
[Round "9.1"]
[White "Galzagorri Uli, Yeray"]
[Black "Vilchez Gonzalez, Angel"]
[Result "1-0"]
[WhiteElo "2281"]
[BlackElo "1942"]
[PlyCount "33"]
[EventDate "2010.01.09"]
[EventType "team-tourn"]
[EventRounds "9"]
[EventCountry "ESP"]
[SourceTitle "EXT 2011"]
[Source "ChessBase"]
[SourceDate "2010.11.26"]
[SourceVersion "1"]
[SourceVersionDate "2010.11.26"]
[SourceQuality "1"]

1. e4 c5 2. Nc3 Nc6 3. Bb5 a6 4. Bxc6 dxc6 5. d3 g6 6. Be3 Qa5 7. Qd2 Bg7 8. Nge2 e5 9. 0-0 Nf6 10. Bh6 0-0 11. Bxg7 Kxg7 12. f4 Qc7 13. Na4 Nd7 14. Qc3 b5 15. Nxc5 b4 16. Qxb4 a5 17. Qc3 1-0

[Event "Euskadi-ch 13th"]
[Site "Euskadi"]
[Date "1999.??.??"]
[Round "5"]
[White "Arrupe Diego de Somonte, Jose Ramon"]
[Black "Vilchez Gonzalez, Angel"]
[Result "1/2-1/2"]
[WhiteElo "2115"]
[BlackElo "1950"]
[PlyCount "33"]
[EventDate "1999.??.??"]
[EventType "swiss"]
[EventRounds "7"]
[EventCountry "ESP"]
[SourceTitle "EXT 2000"]
[Source "ChessBase"]
[SourceDate "1999.11.16"]
[SourceVersion "1"]
[SourceVersionDate "1999.11.16"]
[SourceQuality "1"]

1. e4 e6 2. d4 d5 3. Nd2 dxe4 4. Nxe4 Bd7 5. Nf3 Bc6 6. Bd3 Be7 7. 0-0 Nf6 8. Qe2 Nxe4 9. Bxe4 Bxe4 10. Qxe4 c6 11. Ne5 Nd7 12. Nxd7 Qxd7 13. Bf4 Rd8 14. c3 Qd5 15. Rfe1 Bd6 16. Bxd6 Rxd6 17. Qg4 1/2-1/2

[Event "Absoluto Preferente"]
[Site "Spain"]
[Date "1999.??.??"]
[Round "4"]
[White "Perez Reclusa, Jesus Miguel"]
[Black "Vilchez Gonzalez, Angel"]
[Result "1-0"]
[WhiteElo "2115"]
[BlackElo "1940"]
[PlyCount "75"]
[EventDate "1999.??.??"]
[EventType "swiss"]
[EventRounds "9"]
[EventCountry "ESP"]
[SourceTitle "EXT 2003"]
[Source "ChessBase"]
[SourceDate "2002.11.25"]
[SourceVersion "1"]
[SourceVersionDate "2002.11.25"]
[SourceQuality "1"]

1. d4 Nf6 2. Bg5 d5 3. Nc3 Bf5 4. e3 c6 5. Bd3 Bxd3 6. Qxd3 Ne4 7. Bh4 Qb6 8. Nge2 Nd7 9. 0-0 Ndf6 10. f3 Nd6 11. e4 e5 12. Bf2 dxe4 13. fxe4 Ng4 14. Bh4 exd4 15. Qxd4 Qxd4+ 16. Nxd4 f6 17. h3 Ne5 18. Bg3 Ndc4 19. Ne6 Kd7 20. Nxf8+ Rhxf8 21. b3 Nb6 22. Rad1+ Ke6 23. Na4 Nxa4 24. bxa4 Rfd8 25. Rb1 b6 26. Rfd1 Nc4 27. Bc7 Rd2 28. Bf4 Rxc2 29. Rbc1 Rxc1 30. Rxc1 Na5 31. Bd2 Rc8 32. Bxa5 bxa5 33. Rc5 Rc7 34. Kf2 Kd6 35. Rxa5 g5 36. Ke3 h5 37. Kd3 g4 38. Kc4 1-0

[Event "Absoluto Preferente"]
[Site "Spain"]
[Date "1999.??.??"]
[Round "1"]
[White "Vilchez Gonzalez, Angel"]
[Black "Otano Villanueva, Joseba"]
[Result "1-0"]
[WhiteElo "1940"]
[BlackElo "1770"]
[PlyCount "69"]
[EventDate "1999.??.??"]
[EventType "swiss"]
[EventRounds "9"]
[EventCountry "ESP"]
[SourceTitle "EXT 2003"]
[Source "ChessBase"]
[SourceDate "2002.11.25"]
[SourceVersion "1"]
[SourceVersionDate "2002.11.25"]
[SourceQuality "1"]

1. e4 e6 2. d4 d5 3. Nc3 Nf6 4. Bg5 Be7 5. e5 Nfd7 6. h4 c5 7. Bxe7 Qxe7 8. Nb5 Qd8 9. Nd6+ Ke7 10. dxc5 Nxe5 11. Qh5 Ng6 12. Qg4 h5 13. Qg5+ Kd7 14. Nxf7 Qxg5 15. hxg5 Rf8 16. Nd6 h4 17. Nf3 Rf4 18. Bd3 Ne7 19. Rxh4 Rxh4 20. Nxh4 a6 21. f4 Kc6 22. b4 Bd7 23. Nf3 Kc7 24. Kd2 b6 25. Kc3 bxc5 26. bxc5 Nbc6 27. Rb1 Rf8 28. Rb7+ Kd8 29. g3 a5 30. Bb5 Bc8 31. Nxc8 Kxc8 32. Bxc6 Nxc6 33. Rxg7 Nd8 34. Ra7 Nb7 35. Ra8+ 1-0